000 00449nam a22001697a 4500
003 OSt
005 20140310182336.0
008 130925t xxu||||| |||| 00| 0 eng d
020 _a9780563403258
050 _aPZ 7
_b.K52 1994
082 _aGS 823
_bK61 1994
245 _ahe King's complex Albert the fifth Musketeer.
260 _aBBC children's Books,
_c1994.
300 _a30 p. :
_bill. ;
_c28 cm.
942 _2lcc
_cBK-GS
999 _c12065
_d12065